=LDR 00000nam 2200000 4500 =001 INLIS000000000019133 =005 20130612114231 =008 ***********************************Ind** =035 ##$$0010-061300000019133 =041 ##$$a Ind =082 ##$$a 828.994 118 3 =090 ##$$a 828.994 118 3, Wal d =100 ##$$a Wals, Maurie =245 ##$$a Danger under the moon, Maurice Walch =260 ##$$a 1960 $b London =300 ##$$a 256 hlm, 31 cm =650 ##$$a Kesusastraan Inggris-Penulisan =850 ##$$a NBPNMAT